000 00858cam a22002651 4500
001 9398065
003 ARRUPE
005 20140402143904.0
008 720427s1965 nyuac 000 0aeng
010 _a 65021250
035 _a(OCoLC)295540
040 _aDLC
_cOAU
_dOCoLC
_dDLC
043 _afe-----
050 0 0 _aDT647
_b.H3
082 _a916.75
100 1 _aHallet, Jean-Pierre,
_d1927-
_99722
245 1 0 _aCongo kitabu,
_cby Jean-Pierre Hallet. With the editorial collaboration of Alex Pelle.
260 _aNew York,
_bFawcett crest Book
_c[1965]
300 _a436 p.
_billus., ports.
_c23 cm.
500 _aAutobiographical.
651 0 _aCongo (Democratic Republic)
_xDescription and travel.
_99723
651 0 _aAfrica, East
_xDescription and travel.
_99724
906 _a7
_bcbc
_coclcrpl
_du
_encip
_f19
_gy-gencatlg
942 _2lcc
_cREFERENCE
999 _c120365
_d120365